LEADER 00665nam0 22002531i 450 001 990007330070403321 005 20021010 035 $a000733007 035 $aFED01000733007 035 $a(Aleph)000733007FED01 035 $a000733007 100 $a20021010d--------km-y0itay50------ba 101 0 $aita 200 1 $aStorm over the multinational$fVernon 210 $aLondon$cs.e.$d1977 700 1$aVernon,$bRaymond$f<1913- >$032851 801 0$aIT$bUNINA$gRICA$2UNIMARC 901 $aBK 912 $a990007330070403321 951 $aXV M 131$b1517$c$dXV M 131 959 $aDTE 996 $aStorm over the multinational$9695233 997 $aUNINA DB $aGEN01